All 1M+ Cities by Letter - Y - Statistics

General Stats
  • This quiz has been taken 210 times
  • The average score is 6 of 13
Answer Stats
Country (State) Population (Millions) City Name % Correct
Cameroon 3.3 Yaounde
96%
Armenia 1.49 Yerevan
95%
Myanmar 5.5 Yangon
93%
Russia 1.65 Yekaterinburg
80%
Indonesia 1.92 Yogyakarta
46%
China (Shandong) 2.15 Yantai
30%
China (Jiangsu) 1.89 Yangzhou
25%
China (Ningxia) 1.5 Yinchuan
21%
China (Zhejiang) 1.62 Yiwu
19%
China (Hubei) 1.36 Yichang
15%
China (Jiangsu) 1.41 Yancheng
14%
China (Sichuan) 1.06 Yibin
13%
China (Liaoning) 1.02 Yingkou
13%
No matching quizzes found
Score Distribution
Percent of People with Each Score
Percentile by Number Answered
Your Score History
You have not taken this quiz